[Rezension von: Johannes Klaus Kipf, Jörg Schwarz (Hrsg.), Mittelalterliche Stadtgeschichte(n)]
Gespeichert in:
| Veröffentlicht in: | Sehepunkte 25(2025), 9 |
|---|---|
| VerfasserIn: | |
| Dokumenttyp: | Online-Ressource Aufsatz |
| Sprache: | German |
| Veröffentlicht: |
2025
|
| Schlagwörter: | |
| Online Zugang: | kostenfrei |
| Bibliogr. Hinweis: | Enthalten in:
Sehepunkte Rezension von: Mittelalterliche Stadtgeschichte(n) Rezension von: Mittelalterliche Stadtgeschichte(n) |
| Verantwortlich: | Hanna Schäfer |
| LEADER | 01785caa a2200361 c 4500 | ||
|---|---|---|---|
| 001 | 1938434633 | ||
| 003 | DE-627 | ||
| 005 | 20260419042608.0 | ||
| 007 | cr uuu---uuuuu | ||
| 008 | 251015s2025 xx |||||oo 00| ||ger c | ||
| 035 | |a (DE-627)1938434633 | ||
| 035 | |a (DE-599)KXP1938434633 | ||
| 035 | |a (OCoLC)1573942843 | ||
| 040 | |a DE-627 |b ger |c DE-627 |e rda | ||
| 041 | |a ger | ||
| 100 | 1 | |a Schäfer, Hanna |e VerfasserIn |0 (DE-588)1167441354 |0 (DE-627)1031110801 |0 (DE-576)511146655 |4 aut | |
| 245 | 1 | 0 | |a [Rezension von: Johannes Klaus Kipf, Jörg Schwarz (Hrsg.), Mittelalterliche Stadtgeschichte(n)] |c Hanna Schäfer |
| 264 | 1 | |c 2025 | |
| 300 | |b Illustrationen | ||
| 336 | |a Text |b txt |2 rdacontent | ||
| 337 | |a Computermedien |b c |2 rdamedia | ||
| 338 | |a Online-Ressource |b cr |2 rdacarrier | ||
| 500 | |a Gesehen am 15.10.2025 | ||
| 655 | 7 | |a Rezension |0 (DE-588)4049712-4 |0 (DE-627)106186019 |0 (DE-576)209083166 |2 gnd-content | |
| 773 | 0 | 8 | |i Enthalten in |t Sehepunkte |d München : Ludwig-Maximilians-Univ., 2001 |g 25(2025), 9 |h Online-Ressource |w (DE-627)33678273X |w (DE-600)2062440-2 |w (DE-576)117978736 |x 1618-6168 |7 nnas |
| 773 | 1 | 8 | |g volume:25 |g year:2025 |g number:9 |
| 787 | 0 | 8 | |i Rezension von |t Mittelalterliche Stadtgeschichte(n) |d Heidelberg : Heidelberg University Publishing, 2024 |h 1 Online-Ressource (VI, 277 Seiten) |w (DE-627)1884708935 |z 9783968222363 |
| 787 | 0 | 8 | |i Rezension von |t Mittelalterliche Stadtgeschichte(n) |d Heidelberg : Heidelberg University Publishing, 2024 |h VI, 277 Seiten |w (DE-627)1884534511 |z 9783968222370 |
| 856 | 4 | 0 | |u https://www.sehepunkte.de/2025/09/39566.html |x Verlag |z kostenfrei |3 Volltext |7 0 |
| 951 | |a AR | ||
| 994 | |u https://www.sehepunkte.de/2025/09/39566.html | ||
| 991 | |a Rezension (Monographie, Zeitschrift, Aufsatz) | ||
| 999 | |a KXP-PPN1938434633 |e 4978822386 | ||


